[Event "Skovbo GM"]
[Site "Borup"]
[Date "2012.09.22"]
[Round "8"]
[White "Jorgensen, Brian Jorgen"]
[Black "Smith, Axel"]
[Result "1/2-1/2"]
[WhiteElo "2244"]
[BlackElo "2503"]
[PlyCount "63"]
[EventDate "2012.09.14"]
[EventType "swiss"]
[EventRounds "9"]
[EventCountry "DEN"]
[Source "ChessBase"]
[SourceDate "2012.10.19"]

1. d4 Nf6 2. c4 e6 3. Nc3 Bb4 4. e3 O-O 5. Nge2 d5 6. a3 Bd6 7. c5 Be7 8. b4 b6
9. Ng3 a5 10. Bb2 c6 11. Na4 Nbd7 12. Bd3 Ba6 13. Bc2 Ne8 14. f4 f5 15. Ne2
Nef6 16. Nac3 Bc4 17. O-O Nb8 18. Na4 Nbd7 19. Re1 b5 20. Nac3 h6 21. Nc1 Kf7
22. Nb3 Bxb3 23. Bxb3 g5 24. e4 fxe4 25. Nxe4 dxe4 26. f5 Nd5 27. Qh5+ Kg7 28.
Qg6+ Kh8 29. Qxh6+ Kg8 30. Qg6+ Kh8 31. Qh6+ Kg8 32. Qg6+ 1/2-1/2

[Event "Skovbo GM"]
[Site "Borup"]
[Date "2012.09.22"]
[Round "8"]
[White "Knudsen, Jes West"]
[Black "Pedersen, Sven"]
[Result "1-0"]
[WhiteElo "1892"]
[BlackElo "2121"]
[PlyCount "55"]
[EventDate "2012.09.14"]
[EventType "swiss"]
[EventRounds "9"]
[EventCountry "DEN"]
[Source "ChessBase"]
[SourceDate "2012.10.19"]

1. e4 c5 2. b4 cxb4 3. Bb2 d5 4. exd5 Qxd5 5. d4 Nc6 6. c4 bxc3 7. Nxc3 Qa5 8.
d5 Ne5 9. Qd4 Nd7 10. Nf3 Ngf6 11. Bb5 a6 12. Ba4 g6 13. d6 b5 14. Bb3 Bb7 15.
O-O e6 16. Nd5 Bxd5 17. Bxd5 Rd8 18. Bc6 Rg8 19. Qh4 Nh5 20. Ne5 Qb6 21. Bd4
Qb8 22. Nxd7 Rxd7 23. Bxd7+ Kxd7 24. Bc5 Qd8 25. Qe4 Qc8 26. Rac1 Bh6 27. Be3
Qf8 28. Qc6+ 1-0

[Event "Skovbo GM"]
[Site "Borup"]
[Date "2012.09.22"]
[Round "8"]
[White "Kunin, Vitaly L"]
[Black "Larsen, Karsten"]
[Result "1-0"]
[WhiteElo "2511"]
[BlackElo "2288"]
[PlyCount "69"]
[EventDate "2012.09.14"]
[EventType "swiss"]
[EventRounds "9"]
[EventCountry "DEN"]
[Source "ChessBase"]
[SourceDate "2012.10.19"]

1. d4 Nf6 2. c4 e6 3. Nf3 d5 4. Nc3 Bb4 5. cxd5 exd5 6. Qa4+ Nc6 7. Bg5 h6 8.
Bxf6 Qxf6 9. e3 O-O 10. a3 Bxc3+ 11. bxc3 Bg4 12. Be2 Rfd8 13. O-O b6 14. c4
dxc4 15. Qxc4 Rac8 16. Rac1 Na5 17. Qa6 c5 18. dxc5 Nb3 19. Rcd1 Nxc5 20. Qxa7
Ra8 21. Qc7 Rdc8 22. Qg3 Be6 23. Rd4 Rxa3 24. Rfd1 Ra2 25. Bf1 Rb2 26. h4 b5
27. Rc1 Kh7 28. Qh2 Qf5 29. Rf4 Qd5 30. Ng5+ hxg5 31. hxg5+ Kg6 32. Rf6+ gxf6
33. Qh6+ Kf5 34. Qxf6+ Kg4 35. f3+ 1-0

[Event "Skovbo GM"]
[Site "Borup"]
[Date "2012.09.22"]
[Round "8"]
[White "Lindgren, Philip"]
[Black "Kristiansen, Jens"]
[Result "1-0"]
[WhiteElo "2256"]
[BlackElo "2430"]
[PlyCount "117"]
[EventDate "2012.09.14"]
[EventType "swiss"]
[EventRounds "9"]
[EventCountry "DEN"]
[Source "ChessBase"]
[SourceDate "2012.10.19"]

1. d4 g6 2. Nf3 Bg7 3. c4 d6 4. Nc3 Nd7 5. e4 e5 6. Be2 Ngf6 7. O-O O-O 8. Re1
c6 9. Bf1 exd4 10. Nxd4 Re8 11. Nc2 Qe7 12. f3 Ne5 13. Be3 a6 14. a4 Be6 15. b3
c5 16. Qd2 Qc7 17. Rad1 Rad8 18. Bg5 Qb6 19. Ne3 Ned7 20. Ned5 Qa5 21. Qf4 Bxd5
22. Nxd5 Nxd5 23. cxd5 Bd4+ 24. Kh1 f6 25. Bh6 Ne5 26. h4 Nf7 27. Re2 Be5 28.
Qd2 Bc3 29. Qc1 Nxh6 30. Qxh6 Re5 31. g3 Rde8 32. Bh3 f5 33. h5 Qc7 34. hxg6
Qg7 35. gxh7+ Kh8 36. Qxg7+ Kxg7 37. Rc2 fxe4 38. Rxc3 Rh5 39. Kg2 exf3+ 40.
Rxf3 Re2+ 41. Kf1 Rb2 42. Bg2 Kxh7 43. Re1 b5 44. Re7+ Kg6 45. Re6+ Kg5 46. Kg1
Rb1+ 47. Bf1 Kg4 48. Rd3 Rf5 49. Rg6+ Kh5 50. g4+ Kxg6 51. gxf5+ Kxf5 52. Re3
Rd1 53. axb5 axb5 54. Kf2 Rxd5 55. Bxb5 Rd4 56. Ke2 d5 57. Rd3 Rxd3 58. Kxd3
c4+ 59. Bxc4 1-0

[Event "Skovbo GM"]
[Site "Borup"]
[Date "2012.09.22"]
[Round "8"]
[White "Mikkelsen, Nikolaj"]
[Black "Solodovnichenko, Yuri"]
[Result "0-1"]
[WhiteElo "2425"]
[BlackElo "2602"]
[PlyCount "60"]
[EventDate "2012.09.14"]
[EventType "swiss"]
[EventRounds "9"]
[EventCountry "DEN"]
[Source "ChessBase"]
[SourceDate "2012.10.19"]

1. e4 d6 2. d4 Nf6 3. Nc3 g6 4. f3 a6 5. Be3 b5 6. Qd2 Nbd7 7. O-O-O Bb7 8. Qf2
b4 9. Nce2 Bg7 10. h4 h5 11. Nh3 e5 12. Ng5 Qe7 13. Kb1 exd4 14. Nxd4 Ne5 15.
Be2 Nfd7 16. f4 Ng4 17. Bxg4 hxg4 18. e5 dxe5 19. fxe5 Nxe5 20. Nb3 Qf6 21.
Qxf6 Bxf6 22. Rhf1 Bg7 23. Bc5 Rxh4 24. Bd4 O-O-O 25. Rde1 Bxg2 26. Rf2 Rh1 27.
Rxh1 Bxh1 28. Nxf7 Nxf7 29. Bxg7 Rd1+ 30. Nc1 g3 0-1

[Event "Skovbo GM"]
[Site "Borup"]
[Date "2012.09.22"]
[Round "8"]
[White "Molvig, Julius"]
[Black "Andersen, Troels Baekgaard"]
[Result "1-0"]
[WhiteElo "1904"]
[BlackElo "1771"]
[PlyCount "117"]
[EventDate "2012.09.14"]
[EventType "swiss"]
[EventRounds "9"]
[EventCountry "DEN"]
[Source "ChessBase"]
[SourceDate "2012.10.19"]

1. d4 Nf6 2. c4 e6 3. Nf3 b6 4. g3 Bb7 5. Bg2 d5 6. Nc3 Nbd7 7. Bg5 Be7 8. Rc1
Rc8 9. O-O O-O 10. b3 c5 11. cxd5 Nxd5 12. Bxe7 Qxe7 13. Nxd5 exd5 14. dxc5
Rxc5 15. Qd2 Rfc8 16. Nh4 Nf6 17. Nf5 Qe5 18. Qg5 Nd7 19. Ne7+ Kf8 20. Qxe5
Nxe5 21. Nxc8 Rxc8 22. Rxc8+ Bxc8 23. Bxd5 Ba6 24. Rc1 Bxe2 25. Re1 Nf3+ 26.
Bxf3 Bxf3 27. Re3 Bd5 28. Kf1 Be6 29. f4 g6 30. Rc3 Bd5 31. Rc7 a6 32. Ra7 Be4
33. Ke2 Bc6 34. Ke3 Bb5 35. Rb7 h6 36. Rxb6 Bf1 37. Rb7 g5 38. fxg5 hxg5 39.
Kd4 f6 40. Kc5 f5 41. Ra7 Kg8 42. Kd5 Kf8 43. Ke5 Bd3 44. Kf6 Kg8 45. Kxg5 Kf8
46. h4 Kg8 47. Kf6 Kh8 48. h5 Kg8 49. h6 Kh8 50. h7 f4 51. gxf4 Bb5 52. Kg6
Bd3+ 53. f5 Be4 54. Rf7 Bxf5+ 55. Rxf5 a5 56. b4 axb4 57. a4 b3 58. a5 b2 59.
Rf8# 1-0

[Event "Skovbo GM"]
[Site "Borup"]
[Date "2012.09.22"]
[Round "8"]
[White "Pedersen, Hans Dahl"]
[Black "Olsen, Michael Richard W"]
[Result "1-0"]
[WhiteElo "2211"]
[BlackElo "1997"]
[PlyCount "85"]
[EventDate "2012.09.14"]
[EventType "swiss"]
[EventRounds "9"]
[EventCountry "DEN"]
[Source "ChessBase"]
[SourceDate "2012.10.19"]

1. c4 c5 2. g3 Nf6 3. Bg2 Nc6 4. Nc3 g6 5. e4 e5 6. Nge2 d6 7. d3 h6 8. O-O Bg7
9. f4 Bg4 10. h3 Bxe2 11. Nxe2 Qe7 12. Rb1 O-O 13. Be3 b6 14. Qd2 Kh7 15. Rf2
Ng8 16. Nc3 f6 17. f5 g5 18. Bf3 Rfb8 19. Rh2 h5 20. Bxh5 Nh6 21. g4 Rh8 22. h4
gxh4 23. Rxh4 Kg8 24. g5 Nf7 25. Nd5 Qd8 26. gxf6 Bxf6 27. Rg4+ Kf8 28. Qg2 Nb4
29. Nxb4 cxb4 30. Kf2 Rxh5 31. Rg8+ Ke7 32. Rxd8 Rxd8 33. Rh1 Rxh1 34. Qxh1 Rh8
35. Qg2 Rh7 36. Ke2 Rg7 37. Qh2 Rg4 38. Kd1 Rg8 39. Kc2 Rb8 40. Kb3 a5 41. Qg1
b5 42. cxb5 Rxb5 43. Bb6 1-0

[Event "Skovbo GM"]
[Site "Borup"]
[Date "2012.09.22"]
[Round "8"]
[White "Rasmussen, Henning Lau"]
[Black "Hagerup, Per"]
[Result "1-0"]
[WhiteElo "1783"]
[BlackElo "1660"]
[PlyCount "25"]
[EventDate "2012.09.14"]
[EventType "swiss"]
[EventRounds "9"]
[EventCountry "DEN"]
[Source "ChessBase"]
[SourceDate "2012.10.19"]

1. d4 Nf6 2. c4 e6 3. Nf3 d5 4. Nc3 Bb4 5. Qa4+ Nc6 6. Ne5 O-O 7. Nxc6 Bxc3+ 8.
bxc3 Qd7 9. Ne7+ Qxe7 10. Ba3 Qd8 11. Bxf8 Bd7 12. Qa3 b6 13. Be7 1-0

[Event "Skovbo GM"]
[Site "Borup"]
[Date "2012.09.22"]
[Round "8"]
[White "Rhee, Alexander H"]
[Black "Kokholm, Daniel"]
[Result "1-0"]
[WhiteElo "2183"]
[BlackElo "1914"]
[PlyCount "65"]
[EventDate "2012.09.14"]
[EventType "swiss"]
[EventRounds "9"]
[EventCountry "DEN"]
[Source "ChessBase"]
[SourceDate "2012.10.19"]

1. g3 Nc6 2. Bg2 e5 3. d3 Nf6 4. a3 a5 5. b3 Bc5 6. e3 d6 7. Ne2 O-O 8. Bb2 Ne7
9. d4 exd4 10. exd4 Bb6 11. d5 Ng6 12. Nbc3 Re8 13. O-O Qe7 14. Qd2 Ne5 15. Nd4
Bxd4 16. Qxd4 Bh3 17. f3 Bxg2 18. Kxg2 Ng6 19. Ne4 Nh5 20. Rfe1 Qe5 21. Qxe5
Nxe5 22. g4 Nf4+ 23. Kg3 Nxd5 24. Rad1 Nb6 25. c4 Nbd7 26. c5 d5 27. Rxd5 c6
28. Rdd1 Red8 29. Nd6 f6 30. f4 Nf7 31. Nxb7 Rdb8 32. Rxd7 Ra7 33. Ree7 1-0

[Event "Skovbo GM"]
[Site "Borup"]
[Date "2012.09.22"]
[Round "8"]
[White "Rostgaard, Tobias Valentin"]
[Black "Hansen, Lars Henrik Bech"]
[Result "1-0"]
[WhiteElo "2227"]
[BlackElo "2013"]
[PlyCount "55"]
[EventDate "2012.09.14"]
[EventType "swiss"]
[EventRounds "9"]
[EventCountry "DEN"]
[Source "ChessBase"]
[SourceDate "2012.10.19"]

1. d4 g6 2. e4 d6 3. Nc3 Nf6 4. Be3 c6 5. Qd2 b5 6. f3 Nbd7 7. O-O-O Nb6 8. Bh6
Bxh6 9. Qxh6 Nc4 10. Bxc4 bxc4 11. Nge2 Qb6 12. e5 Nd5 13. exd6 Rb8 14. b3 cxb3
15. axb3 Qb4 16. Nxd5 Qa3+ 17. Kd2 cxd5 18. dxe7 Qxe7 19. Nc3 Be6 20. Rhe1 Qb4
21. Qg7 Rf8 22. Qf6 Rb6 23. Ra1 Rc6 24. Re3 a6 25. Ra4 Qd6 26. Qe5 Kd7 27.
Qxd6+ Kxd6 28. Na2 1-0

[Event "Skovbo GM"]
[Site "Borup"]
[Date "2012.09.22"]
[Round "8"]
[White "Sorensen, Dick"]
[Black "Bintzik, Bernhard"]
[Result "1-0"]
[WhiteElo "2041"]
[BlackElo "1970"]
[PlyCount "55"]
[EventDate "2012.09.14"]
[EventType "swiss"]
[EventRounds "9"]
[EventCountry "DEN"]
[Source "ChessBase"]
[SourceDate "2012.10.19"]

1. e4 e6 2. Nf3 d5 3. exd5 exd5 4. d4 Nc6 5. c3 Bd6 6. Be2 Nge7 7. O-O Bf5 8.
a4 Qd7 9. b4 f6 10. Nbd2 g5 11. Nb3 b6 12. b5 Nd8 13. c4 Nf7 14. c5 Bf4 15. Ba3
g4 16. Nh4 Be6 17. Re1 Ng5 18. c6 Qc8 19. Bxg4 Bd6 20. Bxe6 Nxe6 21. Qh5+ Kf8
22. Bxd6 cxd6 23. Re3 Ng7 24. Qh6 Kf7 25. Rae1 Nef5 26. Nxf5 Nxf5 27. Qh5+ Kg7
28. Re6 1-0

[Event "Skovbo GM"]
[Site "Borup"]
[Date "2012.09.22"]
[Round "8"]
[White "Sriram, Jha"]
[Black "Stojanovski, Sandi"]
[Result "1-0"]
[WhiteElo "2422"]
[BlackElo "2214"]
[PlyCount "123"]
[EventDate "2012.09.14"]
[EventType "swiss"]
[EventRounds "9"]
[EventCountry "DEN"]
[Source "ChessBase"]
[SourceDate "2012.10.19"]

1. d4 Nf6 2. c4 e6 3. Nf3 d5 4. Nc3 Bb4 5. Bg5 h6 6. Bxf6 Qxf6 7. Qb3 Nc6 8. e3
dxc4 9. Bxc4 O-O 10. O-O Bd6 11. Ne4 Qe7 12. Bb5 Bd7 13. Rac1 a6 14. Be2 Rfc8
15. Rfd1 Be8 16. Nxd6 Qxd6 17. Nd2 b6 18. Bf3 Rab8 19. Qc4 Na5 20. Qxa6 Qb4 21.
b3 Bb5 22. a3 Qxd2 23. Qxb5 Qa2 24. b4 Nb3 25. Rc3 Nd2 26. Bc6 Nb1 27. Rcc1
Nxa3 28. Qd3 Qb2 29. Rc3 Ra8 30. Rb3 Qa2 31. Qc3 Qe2 32. Re1 Nb5 33. Qc1 Qa2
34. Rb2 Qa6 35. Bxa8 Rxa8 36. h3 Qb7 37. Qc4 Qd5 38. Qc2 g6 39. Rc1 Kg7 40. Qe2
Ra3 41. Rd2 Qd7 42. Qc4 Qd5 43. e4 Qxc4 44. Rxc4 Rb3 45. f3 Kf6 46. Kh2 Ke7 47.
e5 Rc3 48. Rxc3 Nxc3 49. Rc2 Nd5 50. b5 Kf8 51. g3 Ke7 52. f4 Kd7 53. Kg1 h5
54. Kf2 h4 55. gxh4 Nxf4 56. Kf3 Nh5 57. Kg4 Ng7 58. Kg5 Nh5 59. Rc3 Kd8 60.
Kh6 Nf4 61. Kg7 Nd5 62. Rf3 1-0

[Event "Skovbo GM"]
[Site "Borup"]
[Date "2012.09.22"]
[Round "8"]
[White "Stuhr, Finn"]
[Black "Hansen, Henrik Damgaard"]
[Result "0-1"]
[WhiteElo "1657"]
[BlackElo "1823"]
[PlyCount "76"]
[EventDate "2012.09.14"]
[EventType "swiss"]
[EventRounds "9"]
[EventCountry "DEN"]
[Source "ChessBase"]
[SourceDate "2012.10.19"]

1. e4 g6 2. d4 Bg7 3. b3 d6 4. Bb2 a6 5. Nf3 Nd7 6. Be2 b5 7. a4 b4 8. a5 Bb7
9. Bd3 e6 10. Qd2 c5 11. O-O Ne7 12. c3 bxc3 13. Bxc3 O-O 14. Na3 cxd4 15. Bxd4
Bxd4 16. Nxd4 Nc5 17. Rfe1 e5 18. b4 Nxd3 19. Qxd3 exd4 20. Qxd4 Nc6 21. Qd2
Re8 22. Nc4 Re6 23. f3 Qf6 24. Ne3 Ne5 25. Rf1 Nc6 26. Nd5 Qd4+ 27. Qxd4 Nxd4
28. Nc7 Rc8 29. Nxe6 fxe6 30. Rfd1 Rc4 31. Rab1 Bc6 32. h4 Bb5 33. Rb2 Kf7 34.
Kf2 Ke7 35. Kg3 e5 36. Kg4 h6 37. Rbb1 Ne2 38. Rd2 Bd7# 0-1

[Event "Skovbo GM"]
[Site "Borup"]
[Date "2012.09.22"]
[Round "8"]
[White "Yildiz, Hasan"]
[Black "Andersen, Daniel"]
[Result "1-0"]
[WhiteElo "2051"]
[BlackElo "1890"]
[PlyCount "76"]
[EventDate "2012.09.14"]
[EventType "swiss"]
[EventRounds "9"]
[EventCountry "DEN"]
[Source "ChessBase"]
[SourceDate "2012.10.19"]

1. c4 Nf6 2. Nc3 d5 3. e3 g6 4. d4 Bg7 5. Bd3 O-O 6. h3 c5 7. Nge2 cxd4 8. Nxd4
e5 9. Nb3 d4 10. exd4 exd4 11. Ne2 Nc6 12. O-O Be6 13. Bd2 a5 14. Rc1 Qb6 15.
Qe1 a4 16. c5 Qd8 17. Na1 Bxa2 18. Nc2 Bb3 19. Bf4 Nd5 20. Bd6 Re8 21. Qd2 Bxc2
22. Rxc2 Qa5 23. Ra1 Ndb4 24. Rc4 Nxd3 25. Qxd3 Qb5 26. Nxd4 Nxd4 27. Rxd4 Qxd3
28. Rxd3 Bxb2 29. Ra2 a3 30. Kf1 Red8 31. Ke2 Ra6 32. Kd2 b6 33. c6 b5 34. c7
Rc8 35. Be5 Raa8 36. Bxb2 axb2 37. Rxa8 b1=Q 38. Rxc8+ Kg7 1-0

[Event "Skovbo GM"]
[Site "Borup"]
[Date "2012.09.22"]
[Round "8"]
[White "Zubarev, Alexander2"]
[Black "Nilssen, John Arni"]
[Result "1-0"]
[WhiteElo "2590"]
[BlackElo "2372"]
[PlyCount "143"]
[EventDate "2012.09.14"]
[EventType "swiss"]
[EventRounds "9"]
[EventCountry "DEN"]
[Source "ChessBase"]
[SourceDate "2012.10.19"]

1. e4 c5 2. Nf3 Nc6 3. d4 cxd4 4. Nxd4 e5 5. Nb5 d6 6. c4 Be7 7. N1c3 a6 8. Na3
Be6 9. Nc2 Rc8 10. b3 Nf6 11. Bd3 O-O 12. O-O b5 13. cxb5 Na7 14. Bb2 Nxb5 15.
Nxb5 axb5 16. Nb4 Qa5 17. Qe1 Bd8 18. Kh1 Qa8 19. Nc2 Nh5 20. Na3 Nf4 21. Bxb5
Ba5 22. Qe3 Bb4 23. Nc4 Bc5 24. Qd2 Qxe4 25. f3 Qb7 26. a4 Rfd8 27. Rad1 Nd5
28. Qe2 Bb4 29. Nxe5 Nf4 30. Qe3 Nxg2 31. Kxg2 dxe5 32. Rxd8+ Rxd8 33. Bxe5 Qe7
34. Qf4 Bxb3 35. Rb1 Rd2+ 36. Kh1 Rd1+ 37. Rxd1 Bxd1 38. Kg2 Bb3 39. Bd4 Bd5
40. Qb8+ Qf8 41. Qe5 Be6 42. Bd3 Bd6 43. Qe4 g6 44. Qh4 Bc5 45. Bc3 Qc8 46. Qf6
Kf8 47. a5 Bh3+ 48. Kg3 Be6 49. a6 Qd7 50. Qh8+ Ke7 51. Bf6+ Kd6 52. Qb8+ Kd5
53. Qa8+ Kd6 54. Be4 Ba7 55. Qf8+ Kc7 56. Be5+ Kb6 57. Qb4+ Kxa6 58. Bd6 Bb6
59. Qa3+ Kb5 60. Qb2+ Ka6 61. Qa3+ Kb5 62. Bd3+ Bc4 63. Qb4+ Kc6 64. Be4+ Bd5
65. Bf4 Kb7 66. Qd2 Kc6 67. Qc2+ Kb5 68. Qd3+ Kc5 69. Bxd5 Qxd5 70. Be3+ Kc6
71. Qxd5+ Kxd5 72. Bxb6 1-0

[Event "Skovbo GM"]
[Site "Borup"]
[Date "2012.09.23"]
[Round "9"]
[White "Andersen, Bjarne Hjorth"]
[Black "Christophersen, David"]
[Result "1-0"]
[WhiteElo "2035"]
[BlackElo "1839"]
[PlyCount "121"]
[EventDate "2012.09.14"]
[EventType "swiss"]
[EventRounds "9"]
[EventCountry "DEN"]
[Source "ChessBase"]
[SourceDate "2012.10.19"]

1. e4 d6 2. d4 Nf6 3. Nc3 g6 4. h3 Bg7 5. Be3 O-O 6. Qd2 c6 7. Nf3 Qc7 8. Bh6
b5 9. Bxg7 Kxg7 10. a3 a5 11. Bd3 Bb7 12. O-O Nbd7 13. Rfe1 e5 14. dxe5 Nxe5
15. Nxe5 dxe5 16. Qe3 b4 17. axb4 axb4 18. Na4 Ra5 19. Qb6 Qxb6 20. Nxb6 Rxa1
21. Rxa1 c5 22. f3 Rb8 23. Nc4 Nd7 24. Ra7 Bc6 25. Rc7 Bb5 26. Nd6 b3 27. cxb3
Bxd3 28. Rxd7 Rxb3 29. Rxf7+ Kg8 30. Rb7 Bc2 31. Rxb3 Bxb3 32. Nb7 c4 33. Na5
Ba2 34. Nc6 Kf7 35. Nxe5+ Ke6 36. Nc6 Bb1 37. Kf2 Kd6 38. Nd4 Bd3 39. h4 Kc5
40. Ke3 Kb4 41. g3 Kc5 42. b3 Bf1 43. bxc4 Bxc4 44. f4 Kd6 45. Nf3 Ke7 46. Ne5
Bb3 47. f5 gxf5 48. exf5 Kf6 49. Kf4 h5 50. Nd7+ Ke7 51. Nc5 Bd1 52. Kg5 Kd6
53. Ne4+ Ke5 54. Nf6 Bc2 55. Nxh5 Bxf5 56. Ng7 Bd3 57. h5 Bc2 58. h6 Bd3 59. g4
Bh7 60. Nh5 Ke6 61. Nf6 1-0

[Event "Skovbo GM"]
[Site "Borup"]
[Date "2012.09.23"]
[Round "9"]
[White "Andersen, Daniel"]
[Black "Rasmussen, Henning Lau"]
[Result "1/2-1/2"]
[WhiteElo "1890"]
[BlackElo "1783"]
[PlyCount "50"]
[EventDate "2012.09.14"]
[EventType "swiss"]
[EventRounds "9"]
[EventCountry "DEN"]
[Source "ChessBase"]
[SourceDate "2012.10.19"]

1. c4 e5 2. Nc3 Nf6 3. Nf3 Nc6 4. e4 d6 5. d4 exd4 6. Nxd4 Nxd4 7. Qxd4 Be7 8.
g3 b6 9. Bg2 Bb7 10. O-O O-O 11. Nd5 Nxd5 12. cxd5 c6 13. dxc6 Bxc6 14. Bf4 Qb8
15. Rfd1 Qb7 16. Rac1 Rac8 17. Bh3 Bd7 18. Bxd7 Qxd7 19. Rxc8 Qxc8 20. Rc1 Qe6
21. Rc7 Bf6 22. Qb4 a5 23. Qxb6 Bd8 24. Bxd6 Bxc7 25. Bxc7 Qxe4 1/2-1/2

[Event "Skovbo GM"]
[Site "Borup"]
[Date "2012.09.23"]
[Round "9"]
[White "Antonsen, Mikkel"]
[Black "Kunin, Vitaly L"]
[Result "1/2-1/2"]
[WhiteElo "2445"]
[BlackElo "2511"]
[PlyCount "61"]
[EventDate "2012.09.14"]
[EventType "swiss"]
[EventRounds "9"]
[EventCountry "DEN"]
[Source "ChessBase"]
[SourceDate "2012.10.19"]

1. d4 d6 2. e4 Nf6 3. f3 e5 4. dxe5 dxe5 5. Qxd8+ Kxd8 6. Bc4 Be6 7. Bxe6 fxe6
8. Be3 Bb4+ 9. Nd2 Ke7 10. Nh3 Nbd7 11. Nf2 Rhc8 12. Nd3 Bd6 13. a4 a6 14. Ke2
Rab8 15. Rhd1 b6 16. Nc4 b5 17. axb5 axb5 18. Na5 c5 19. c4 Ke8 20. Rdc1 b4 21.
Nb3 Rc6 22. Ra5 Rbc8 23. Rca1 Nb6 24. Nd2 Nfd7 25. Rb5 Ra8 26. Rxa8+ Nxa8 27.
Nb3 Nc7 28. Rb7 Kd8 29. Ra7 Ra6 30. Rxa6 Nxa6 31. Bf2 1/2-1/2

[Event "Skovbo GM"]
[Site "Borup"]
[Date "2012.09.23"]
[Round "9"]
[White "Bejtovic, Jasmin"]
[Black "Jorgensen, Brian Jorgen"]
[Result "1-0"]
[WhiteElo "2390"]
[BlackElo "2244"]
[PlyCount "121"]
[EventDate "2012.09.14"]
[EventType "swiss"]
[EventRounds "9"]
[EventCountry "DEN"]
[Source "ChessBase"]
[SourceDate "2012.10.19"]

1. c4 e6 2. Nf3 f5 3. g3 Nf6 4. Bg2 d5 5. cxd5 exd5 6. O-O c6 7. e3 Bd6 8. b3
Qe7 9. Bb2 O-O 10. Nc3 Nbd7 11. Qc2 Ng4 12. Ne2 a5 13. Ned4 Nde5 14. h3 Nxf3+
15. Nxf3 Nh6 16. Rac1 Bd7 17. Bd4 Be8 18. Bc5 Bh5 19. Nd4 Rf6 20. Bxd6 Qxd6 21.
Qc5 Qd7 22. a3 Nf7 23. b4 Ne5 24. Qc3 axb4 25. axb4 Rc8 26. Ra1 b6 27. Rfc1
Rff8 28. f4 Nc4 29. b5 cxb5 30. Qb4 Rc5 31. Ra6 Nxe3 32. Rxc5 bxc5 33. Qxc5
Nxg2 34. Kxg2 Bf7 35. Ra7 Qe8 36. Re7 Qa8 37. Qxb5 Qa2 38. Qe2 Qb1 39. h4 h6
40. Kf2 Qh1 41. Qf1 Qh2+ 42. Qg2 Qxg2+ 43. Kxg2 g6 44. Kf2 Re8 45. Rxe8+ Bxe8
46. Ke3 Kf7 47. Nf3 Ke6 48. Kd4 Kd6 49. Ne5 Ke6 50. Kc5 g5 51. hxg5 hxg5 52.
Nf3 gxf4 53. gxf4 Ba4 54. Nd4+ Kf6 55. Kxd5 Bd1 56. Kd6 Ba4 57. Ne2 Bc2 58. d4
Bd3 59. Nc3 Be4 60. Nd5+ Kg6 61. Ke5 1-0

[Event "Skovbo GM"]
[Site "Borup"]
[Date "2012.09.23"]
[Round "9"]
[White "Bintzik, Bernhard"]
[Black "Hansen, Erik Levin"]
[Result "1/2-1/2"]
[WhiteElo "1970"]
[BlackElo "1753"]
[PlyCount "58"]
[EventDate "2012.09.14"]
[EventType "swiss"]
[EventRounds "9"]
[EventCountry "DEN"]
[Source "ChessBase"]
[SourceDate "2012.10.19"]

1. Nf3 g6 2. c4 Bg7 3. Nc3 d6 4. e4 e5 5. d4 Bg4 6. d5 Nd7 7. Be2 Ngf6 8. Be3
O-O 9. Nd2 Bxe2 10. Qxe2 a5 11. g4 c6 12. Nf1 a4 13. Ng3 Qa5 14. Bd2 Nc5 15.
Rb1 Qc7 16. f3 Nfd7 17. h4 h6 18. h5 g5 19. Kf2 f6 20. Be3 Kf7 21. Nf5 Rfc8 22.
Rhd1 Bf8 23. Kg2 Ra6 24. Qc2 Rca8 25. Bf2 Qb8 26. Be1 Nb6 27. Ne2 Ncd7 28. Nc1
c5 29. Rd3 Nc8 1/2-1/2

[Event "Skovbo GM"]
[Site "Borup"]
[Date "2012.09.23"]
[Round "9"]
[White "Hagen, Andreas Skytte"]
[Black "Carstensen, Jacob"]
[Result "0-1"]
[WhiteElo "2422"]
[BlackElo "2363"]
[PlyCount "146"]
[EventDate "2012.09.14"]
[EventType "swiss"]
[EventRounds "9"]
[EventCountry "DEN"]
[Source "ChessBase"]
[SourceDate "2012.10.19"]

1. d4 Nf6 2. c4 e6 3. Nc3 Bb4 4. e3 b6 5. Nge2 Bb7 6. a3 Bd6 7. d5 exd5 8. cxd5
c6 9. g3 Na6 10. Bg2 Nc7 11. dxc6 dxc6 12. O-O O-O 13. b4 Be5 14. Bb2 Qe7 15.
Qb3 Nb5 16. Rac1 Nxc3 17. Bxc3 Bxc3 18. Nxc3 Rac8 19. Qa4 a6 20. Ne2 c5 21.
bxc5 Rxc5 22. Rxc5 bxc5 23. Rb1 Bxg2 24. Kxg2 Ne4 25. Qc6 c4 26. Rb7 Qe6 27.
Nd4 Qxc6 28. Nxc6 g6 29. Rc7 Re8 30. Ne7+ Kf8 31. Nd5 Re5 32. Rxc4 Nxf2 33. Nf6
Rf5 34. Nxh7+ Kg7 35. Rf4 Nd1 36. Rxf5 Nxe3+ 37. Kf3 Nxf5 38. Ng5 Nd4+ 39. Ke4
Nb5 40. a4 Nc3+ 41. Ke5 Nxa4 42. Ne4 Nb6 43. g4 Nd7+ 44. Kf4 a5 45. Nc3 Nb6 46.
Ke5 a4 47. h4 a3 48. h5 Nd7+ 49. Kd4 f5 50. hxg6 fxg4 51. Kc4 g3 52. Kb3 g2 53.
Ne2 Nf6 54. Kxa3 Nd5 55. Kb3 Nf4 56. Ng1 Kxg6 57. Kc3 Kg5 58. Kd4 Kg4 59. Ke3
Kg3 60. Nf3 Nh3 61. Ke2 Kf4 62. Ng1 Kg3 63. Nf3 Ng5 64. Nxg5 g1=Q 65. Ne4+ Kf4
66. Nd2 Qe3+ 67. Kd1 Qd3 68. Ke1 Kg3 69. Nf1+ Kg2 70. Nd2 Kg1 71. Kd1 Kf2 72.
Kc1 Ke2 73. Nb3 Qc3+ 0-1

[Event "Skovbo GM"]
[Site "Borup"]
[Date "2012.09.23"]
[Round "9"]
[White "Hansen, Henrik Damgaard"]
[Black "Hubka, Roland"]
[Result "0-1"]
[WhiteElo "1823"]
[BlackElo "2000"]
[PlyCount "100"]
[EventDate "2012.09.14"]
[EventType "swiss"]
[EventRounds "9"]
[EventCountry "DEN"]
[Source "ChessBase"]
[SourceDate "2012.10.19"]

1. e4 e6 2. d4 d5 3. e5 c5 4. c3 Qb6 5. Nf3 Nc6 6. a3 c4 7. Nbd2 Na5 8. Be2 Bd7
9. O-O Nb3 10. Nxb3 Ba4 11. Qe1 Bxb3 12. Bd1 Ne7 13. Bxb3 cxb3 14. Qe2 Nc6 15.
h4 Be7 16. Bf4 Na5 17. g3 Nc4 18. Rab1 a5 19. Nd2 Rc8 20. Nxc4 Rxc4 21. Bd2 h6
22. f4 g6 23. Kg2 h5 24. Qe3 Qb5 25. Rf3 Kd7 26. Ra1 Rhc8 27. Kh3 Ra4 28. Qd3
Qxd3 29. Rxd3 Rcc4 30. Rb1 Kc6 31. Kg2 Kb5 32. Kf3 Rc8 33. Ke2 Kc4 34. Rf3 Rc6
35. Bc1 b5 36. Bd2 Bxa3 37. bxa3 Rxa3 38. Rff1 a4 39. Rfc1 Ra2 40. Ke3 a3 41.
Ke2 Ra6 42. Ke3 Rc2 43. Rxc2 a2 44. Rcb2 axb1=Q 45. Rxb1 Ra2 46. Ke2 b2 47. Kd1
Kb3 48. Bc1 Kxc3 49. Bxb2+ Rxb2 50. Rc1+ Kd3 0-1

[Event "Skovbo GM"]
[Site "Borup"]
[Date "2012.09.23"]
[Round "9"]
[White "Hansen, Lars Henrik Bech"]
[Black "Jensen, Steen Dahlgaard"]
[Result "1-0"]
[WhiteElo "2013"]
[BlackElo "1846"]
[PlyCount "58"]
[EventDate "2012.09.14"]
[EventType "swiss"]
[EventRounds "9"]
[EventCountry "DEN"]
[Source "ChessBase"]
[SourceDate "2012.10.19"]

1. e4 c5 2. Nf3 Nc6 3. d4 cxd4 4. Nxd4 g6 5. Nc3 Bg7 6. Be3 Nf6 7. Bc4 O-O 8.
Bb3 Ng4 9. Qxg4 Nxd4 10. Qd1 Ne6 11. Qd2 d6 12. f4 Qa5 13. O-O Nc5 14. Bd4 e5
15. fxe5 Bxe5 16. Bxe5 dxe5 17. Bd5 Na4 18. Qf2 Be6 19. Nxa4 Qxa4 20. b3 Qa6
21. c4 Bxd5 22. exd5 f5 23. Rae1 e4 24. Re2 Rad8 25. Qd4 Rd7 26. g4 Rfd8 27.
gxf5 Rxd5 28. Qxe4 Rxf5 29. Rxf5 Rd1+ 1-0